Biggest North American "B" Cities by Picture - Statistics

General Stats
  • This quiz has been taken 58 times
  • The average score is 6 of 16
Answer Stats
Picture Hint Answer % Correct
🇺🇸 650 000 Boston
95%
🇺🇸 570 000 Baltimore
88%
🇺🇸 200 000 Birmingham
60%
🇺🇸 240 000 Boise
60%
🇺🇸 410 000 Bakersfield
58%
🇺🇸 220 000 Baton Rouge
53%
🇺🇸 270 000 Buffalo
49%
🇺🇸 120 000 Billings
47%
🇺🇸 190 000 Brownsville
35%
🇺🇸 150 000 Bellevue
28%
🇺🇸 150 000 Bridgeport
21%
🇺🇸 120 000 Broken Arrow
16%
🇨🇺 160 000 Bayamo
7%
🇵🇷 170 000 Bayamón
7%
🇨🇦 150 000 Barrie
5%
🇲🇽 220 000 Buenavista
2%
No matching quizzes found
Score Distribution
Percent of People with Each Score
Percentile by Number Answered
Your Score History
You have not taken this quiz